000 00296nam a22001457a 4500
020 _a81-7573-670-4
082 _a001
_bDUA/F
100 _aDUA,SHYAM
245 _aFESTIVALS
250 _aFIRST
260 _aDELHI
_c2004
300 _a108
650 _aABOUT INDIAN FESTVALS
_zINDIA
942 _cBK
999 _c6642
_d6642